A commission report reginal governance : (Record no. 720475)

MARC details
000 -LEADER
fixed length control field 01138nam a2200325 a 4500
001 - CONTROL NUMBER
control field vtls001360291
003 - CONTROL NUMBER IDENTIFIER
control field NLI
005 - DATE AND TIME OF LATEST TRANSACTION
control field 20210627081536.0
008 - FIXED-LENGTH DATA ELEMENTS--GENERAL INFORMATION
fixed length control field 120625m1973uuuudcu f000 0 eng
039 #9 - LEVEL OF BIBLIOGRAPHIC CONTROL AND CODING DETAIL [OBSOLETE]
-- 201206251832
-- VLOAD
040 ## - CATALOGING SOURCE
Original cataloging agency NLI
Language of cataloging eng
Transcribing agency Datasoft_FOD_6
Description conventions AACR2
041 0# - LANGUAGE CODE
Language code of text/sound track or separate title eng
044 ## - COUNTRY OF PUBLISHING/PRODUCING ENTITY CODE
MARC country code dcu
082 04 - DEWEY DECIMAL CLASSIFICATION NUMBER
Classification number 336.73
110 1# - MAIN ENTRY--CORPORATE NAME
Corporate name or jurisdiction name as entry element United States.
Subordinate unit Advisory Commission on Intergovernmental Relations.
245 12 - TITLE STATEMENT
Title A commission report reginal governance :
Remainder of title promise and performance /
Statement of responsibility, etc. United States, Advisory Commission on Intergovernmental Relations
260 ## - PUBLICATION, DISTRIBUTION, ETC.
Place of publication, distribution, etc. Washington, D. C. :
Name of publisher, distributor, etc. The Commission,
Date of publication, distribution, etc. 1973-
300 ## - PHYSICAL DESCRIPTION
Extent -v. :
Other physical details fig. ;
Dimensions 26 cm.
500 ## - GENERAL NOTE
General note Library has vol.2
500 ## - GENERAL NOTE
General note Substate regionalism and the federal system
505 0# - FORMATTED CONTENTS NOTE
Formatted contents note Vol.2 - Case studies
650 #0 - SUBJECT ADDED ENTRY--TOPICAL TERM
Topical term or geographic name entry element Intergovernmental fiscal relations
Geographic subdivision United States
9 (RLIN) 711572
650 #0 - SUBJECT ADDED ENTRY--TOPICAL TERM
Topical term or geographic name entry element Interstate relations
Geographic subdivision United States
9 (RLIN) 731217
887 ## - NON-MARC INFORMATION FIELD
Content of non-MARC field
901 ## - LOCAL DATA ELEMENT A, LDA (RLIN)
a AD 56537
b 15.06.1976
9 v.2
902 ## - LOCAL DATA ELEMENT B, LDB (RLIN)
a U.S 336.73 Un 3
904 ## - LOCAL DATA ELEMENT D, LDD (RLIN)
l 3165
949 ## - LOCAL PROCESSING INFORMATION (OCLC)
-- VIRTUAITEM
-- 10002
-- 100
6 FOD000056537ENG
9 v.2
942 ## - ADDED ENTRY ELEMENTS (KOHA)
Source of classification or shelving scheme Dewey Decimal Classification
Koha item type Books
Holdings
Withdrawn status Lost status Damaged status Not for loan Collection code Home library Current library Shelving location Date acquired Total Checkouts Full call number Barcode Date last seen Price effective from Koha item type
          National Library of India National Library of India       U.S 336.73 Un 3 FOD000056537ENG 27/06/2021 27/06/2021 Books
                                                                           
web counter

Copyright ©2020 The National Library of India, Govt. of India ↔ Hosted by NVLI, MOC ↔ Technology and Design by National Library of India, Ministry of Culture, Govt. of India